Word Ladder: I Love You, Ant-Man Quiz Stats

 Plays Quiz Updated Apr 20, 2018

Score 0/14 Timer 01:30
0 Plays Today
Clue 4-Letter Word % Correct
Suburban shopping centerMALL
97.7%
Like many basketball playersTALL
93.5%
Think (it over)MULL
93.5%
'The Handmaid's ____'TALE
93%
Stubborn pack animalMULE
92.7%
Impolite, offensiveRUDE
91.3%
Everybody, in the SouthY'ALL
88.4%
Clue 4-Letter Word % Correct
Law, regulationRULE
88.4%
Ivy in ConnecticutYALE
87%
Sith Lord: Darth ____MAUL
86.3%
____ Ball (Hogwarts dance)YULE
85.6%
With [last rung], 'Ant-Man' star•PAUL•
83.9%
An abnormal breath soundRALE
82.3%
[With first rung], 'I Love You, Man' star•RUDD•
79.4%

Today's Daily Dose

You're not logged in!

Compare scores with friends on all Sporcle quizzes.
OR
Log In

Sporcle TV

Today on Sporcle TV


Watch our educational content, quiz creation guides, and fun videos on Sporcle TV.

Show Comments

Extras

Top Quizzes Today


Score Distribution

Your Account Isn't Verified!

In order to create a playlist on Sporcle, you need to verify the email address you used during registration. Go to your Sporcle Settings to finish the process.

Report this User

Report this user for behavior that violates our Community Guidelines.

Details: